000 00260nam a2200109 a 4500
005 20200930080039.0
008 120207s1958 000 spa d
020 _a9221057828
245 0 _aFreedom of association.
260 _aGeneva,
_c1958.
999 _c36447
_d36447
040 _aDO-SdBNP